<?xml version="1.0" encoding="UTF-8"?>
<record
    xmlns:xsi="http://www.w3.org/2001/XMLSchema-instance"
    xsi:schemaLocation="http://www.loc.gov/MARC21/slim http://www.loc.gov/standards/marcxml/schema/MARC21slim.xsd"
    xmlns="http://www.loc.gov/MARC21/slim">

  <leader>00249nam a2200097Ia 4500</leader>
  <controlfield tag="008">230915s9999    xx            000 0 und d</controlfield>
  <datafield tag="050" ind1=" " ind2=" ">
    <subfield code="a">QD 75.2 .F86 2004</subfield>
  </datafield>
  <datafield tag="100" ind1=" " ind2=" ">
    <subfield code="a">SKOOG DOUGLAS A.</subfield>
  </datafield>
  <datafield tag="245" ind1=" " ind2="0">
    <subfield code="a">FUNDAMENTALS OF ANALYTICAL CHEMISTRY</subfield>
  </datafield>
  <datafield tag="942" ind1=" " ind2=" ">
    <subfield code="c">BK</subfield>
  </datafield>
  <datafield tag="999" ind1=" " ind2=" ">
    <subfield code="c">190282</subfield>
    <subfield code="d">190282</subfield>
  </datafield>
  <datafield tag="952" ind1=" " ind2=" ">
    <subfield code="0">0</subfield>
    <subfield code="1">0</subfield>
    <subfield code="2">lcc</subfield>
    <subfield code="4">0</subfield>
    <subfield code="7">0</subfield>
    <subfield code="8">SCT</subfield>
    <subfield code="a">KSUL</subfield>
    <subfield code="b">KSUL</subfield>
    <subfield code="c">DISPLAY</subfield>
    <subfield code="d">2024-09-05</subfield>
    <subfield code="i">79800</subfield>
    <subfield code="l">1</subfield>
    <subfield code="o">QD 75.2 .F86 2004</subfield>
    <subfield code="p">014565</subfield>
    <subfield code="r">2025-03-10 14:55:32</subfield>
    <subfield code="s">2025-02-24</subfield>
    <subfield code="t">C.9</subfield>
    <subfield code="w">2024-09-05</subfield>
    <subfield code="y">BK</subfield>
  </datafield>
  <datafield tag="952" ind1=" " ind2=" ">
    <subfield code="0">0</subfield>
    <subfield code="1">0</subfield>
    <subfield code="2">lcc</subfield>
    <subfield code="4">0</subfield>
    <subfield code="7">0</subfield>
    <subfield code="8">SCT</subfield>
    <subfield code="a">KSUL</subfield>
    <subfield code="b">KSUL</subfield>
    <subfield code="c">DISPLAY</subfield>
    <subfield code="d">2024-09-05</subfield>
    <subfield code="i">79792</subfield>
    <subfield code="l">0</subfield>
    <subfield code="o">QD 75.2 .F86 2004</subfield>
    <subfield code="p">012204</subfield>
    <subfield code="r">2024-09-05 11:12:56</subfield>
    <subfield code="t">C.1</subfield>
    <subfield code="w">2024-09-05</subfield>
    <subfield code="y">BK</subfield>
  </datafield>
  <datafield tag="952" ind1=" " ind2=" ">
    <subfield code="0">0</subfield>
    <subfield code="1">0</subfield>
    <subfield code="2">lcc</subfield>
    <subfield code="4">0</subfield>
    <subfield code="7">0</subfield>
    <subfield code="8">SCT</subfield>
    <subfield code="a">KSUL</subfield>
    <subfield code="b">KSUL</subfield>
    <subfield code="c">DISPLAY</subfield>
    <subfield code="d">2024-09-05</subfield>
    <subfield code="i">79796</subfield>
    <subfield code="l">1</subfield>
    <subfield code="o">QD 75.2 .F86 2004</subfield>
    <subfield code="p">014564</subfield>
    <subfield code="r">2024-09-24 14:23:18</subfield>
    <subfield code="s">2024-09-11</subfield>
    <subfield code="t">C.5</subfield>
    <subfield code="w">2024-09-05</subfield>
    <subfield code="y">BK</subfield>
  </datafield>
  <datafield tag="952" ind1=" " ind2=" ">
    <subfield code="0">0</subfield>
    <subfield code="1">0</subfield>
    <subfield code="2">lcc</subfield>
    <subfield code="4">0</subfield>
    <subfield code="7">0</subfield>
    <subfield code="8">SCT</subfield>
    <subfield code="a">KSUL</subfield>
    <subfield code="b">KSUL</subfield>
    <subfield code="c">DISPLAY</subfield>
    <subfield code="d">2024-09-05</subfield>
    <subfield code="i">79798</subfield>
    <subfield code="l">1</subfield>
    <subfield code="o">QD 75.2 .F86 2004</subfield>
    <subfield code="p">000000010925</subfield>
    <subfield code="r">2025-03-07 14:02:28</subfield>
    <subfield code="s">2025-03-04</subfield>
    <subfield code="t">C.7</subfield>
    <subfield code="w">2024-09-05</subfield>
    <subfield code="y">BK</subfield>
  </datafield>
</record>
